[Event "4. ODEM U25 2007"]
[Site "Willingen GER"]
[Date "2007.05.27"]
[Round "2"]
[White "Zentgraf, Robert"]
[Black "Müller, Johannes"]
[Result "1-0"]
[Termination "normal"]
[Board "28"]
[WhiteElo "2110"]
[BlackElo "1612"]
[PlyCount "101"]
[WhiteFideId "4676483"]
[BlackFideId "24602191"]
[EventCountry "GER"]
[EventRounds "9"]
[EventType "swiss"]
[EventDate "2007.05.26"]

1. e4 c6 2. d4 d5 3. exd5 cxd5 4. c4 Nc6 5. Nc3 dxc4 6. Nf3 e6 7. Bxc4 a6 8.
O-O Nf6 9. a3 Bd6 10. Re1 O-O 11. Bg5 h6 12. Bh4 Be7 13. Qd2 Re8 14. Rad1 Bd7
15. Ne5 Qc7 16. Ba2 Rad8 17. Nc4 Ng4 18. Bg3 e5 19. dxe5 Be6 20. Qe2 Nd4 21.
Qe4 Qc5 22. b4 Qa7 23. h3 f5 24. exf6 Nxf6 25. Qe3 Bf7 26. Be5 Nc6 27. Qxa7
Nxa7 28. Bxf6 Bxf6 29. Rxe8+ Rxe8 30. Nd5 Kf8 31. Nd6 Bxd5 32. Bxd5 Rd8 33.
Nxb7 Rd7 34. Nc5 Rd6 35. Bf3 Rxd1+ 36. Bxd1 Bb2 37. a4 a5 38. b5 Ba3 39. Ne6+
Kf7 40. Bb3 Kf6 41. Nd8 Nc8 42. Nc6 Bb4 43. Nxb4 axb4 44. a5 Ke7 45. b6 Kd7 46.
b7 Kc7 47. bxc8=Q+ Kxc8 48. Kf1 Kb7 49. Bc4 b3 50. Bxb3 Ka6 51. Ke2 1-0

[Event "4. ODEM U25 2007"]
[Site "Willingen GER"]
[Date "2007.05.27"]
[Round "2"]
[White "Patzer, Stefan"]
[Black "Emde, Daniel"]
[Result "1-0"]
[Termination "normal"]
[Board "29"]
[WhiteElo "2051"]
[BlackElo "1606"]
[PlyCount "59"]
[WhiteFideId "24601209"]
[BlackFideId "24602221"]
[EventCountry "GER"]
[EventRounds "9"]
[EventType "swiss"]
[EventDate "2007.05.26"]

1. e3 e5 2. e4 Nf6 3. f4 Nxe4 4. Qf3 d5 5. d3 Nc5 6. fxe5 Ne6 7. c3 c5 8. Be2
Nc6 9. Qg3 Bd7 10. Nf3 Be7 11. Na3 a6 12. O-O g5 13. Qf2 O-O 14. Nc2 Ng7 15. d4
Bf5 16. Ne3 Bg6 17. Ng4 Ne6 18. dxc5 h5 19. Nf6+ Bxf6 20. exf6 Qxf6 21. Nxg5
Qxf2+ 22. Rxf2 Nxc5 23. Be3 Ne6 24. Bf3 Rad8 25. Nxe6 fxe6 26. Raf1 Kg7 27. Bb6
Rd7 28. Rd2 Ne5 29. Bd4 Rf5 30. Re1 1-0

[Event "4. ODEM U25 2007"]
[Site "Willingen GER"]
[Date "2007.05.27"]
[Round "2"]
[White "Tiemann, Christoph"]
[Black "Bonacic, Jascha"]
[Result "1-0"]
[Termination "normal"]
[Board "30"]
[WhiteElo "1902"]
[BlackElo "1696"]
[PlyCount "77"]
[WhiteFideId "24676900"]
[BlackFideId "24647004"]
[EventCountry "GER"]
[EventRounds "9"]
[EventType "swiss"]
[EventDate "2007.05.26"]

1. e4 d5 2. exd5 Qxd5 3. Nc3 Qa5 4. Bc4 Nf6 5. d3 Nc6 6. Bd2 Qc5 7. Be3 Qa5 8.
Nf3 Bg4 9. h3 Bh5 10. g4 Bg6 11. a3 Ne5 12. b4 Nxf3+ 13. Qxf3 Qe5 14. d4 Be4
15. Qe2 Qd6 16. Nxe4 Nxe4 17. Qf3 Qc6 18. Qxf7+ Kd8 19. Qd5+ Qxd5 20. Bxd5 Nd6
21. Be6 g6 22. c4 Bg7 23. c5 Nb5 24. a4 Nc3 25. Ra3 Ne4 26. Bd5 Nf6 27. Bxb7
Rb8 28. c6 Nd5 29. b5 Nb4 30. O-O Nc2 31. Rb3 Ke8 32. d5 Rf8 33. Bxa7 Rd8 34.
b6 Be5 35. bxc7 Bxc7 36. Bb6 Bxb6 37. Rxb6 Rxd5 38. c7 Kd7 39. Bxd5 1-0

[Event "4. ODEM U25 2007"]
[Site "Willingen GER"]
[Date "2007.05.27"]
[Round "2"]
[White "Koksch, Florian"]
[Black "Leddin, Mathias"]
[Result "1-0"]
[Termination "normal"]
[Board "31"]
[WhiteElo "1870"]
[BlackElo "1292"]
[PlyCount "21"]
[WhiteFideId "24613584"]
[BlackFideId "4654684"]
[EventCountry "GER"]
[EventRounds "9"]
[EventType "swiss"]
[EventDate "2007.05.26"]

1. e4 e5 2. Bc4 Nf6 3. Nf3 Nc6 4. Ng5 d5 5. exd5 Na5 6. d3 Nxd5 7. Qf3 Be6 8.
Nxe6 fxe6 9. Qh5+ Kd7 10. Qxe5 Be7 11. Bxd5 1-0

[Event "4. ODEM U25 2007"]
[Site "Willingen GER"]
[Date "2007.05.27"]
[Round "2"]
[White "Wenninger, Philipp"]
[Black "Bauer, Hermann"]
[Result "0-1"]
[Termination "normal"]
[Board "34"]
[WhiteElo "1617"]
[BlackElo "1266"]
[PlyCount "72"]
[WhiteFideId "4648404"]
[BlackFideId "24601730"]
[EventCountry "GER"]
[EventRounds "9"]
[EventType "swiss"]
[EventDate "2007.05.26"]

1. d4 f5 2. h3 Nf6 3. g4 d6 4. Bg2 Nc6 5. c4 fxg4 6. hxg4 Bxg4 7. Qd3 g6 8. Bg5
Bg7 9. Bxf6 Bxf6 10. Rxh7 Rxh7 11. Qxg6+ Rf7 12. Qxg4 Nxd4 13. Bxb7 Rb8 14. Bd5
e6 15. Bxe6 Nxe6 16. Qxe6+ Qe7 17. Qxe7+ Rxe7 18. Nc3 Rxb2 19. Nd5 Rf7 20.
Nxf6+ Rxf6 21. Kf1 Rf4 22. Rc1 Rxa2 23. Nh3 Rg4 24. f3 Rh4 25. Nf2 a5 26. c5 d5
27. Rc3 Rh7 28. Ng4 Re7 29. Nf6+ Kd8 30. Rb3 c6 31. Rb6 Kc7 32. Ra6 Rexe2 33.
Ra7+ Kb8 34. Rf7 Rec2 35. Nd7+ Kc8 36. Nb6+ Kd8 0-1

[Event "4. ODEM U25 2007"]
[Site "Willingen GER"]
[Date "2007.05.27"]
[Round "2"]
[White "Lehmann, Ruben"]
[Black "Herbst, Matthew"]
[Result "1-0"]
[Termination "normal"]
[Board "35"]
[WhiteElo "1794"]
[BlackElo "1244"]
[PlyCount "109"]
[WhiteFideId "24671177"]
[BlackFideId "24601950"]
[EventCountry "GER"]
[EventRounds "9"]
[EventType "swiss"]
[EventDate "2007.05.26"]

1. d4 d5 2. c4 e6 3. Nc3 Nf6 4. Bg5 Nbd7 5. cxd5 exd5 6. e3 c6 7. Bd3 Qa5 8.
Nge2 Bb4 9. O-O O-O 10. Qc2 Re8 11. a3 Be7 12. b4 Qc7 13. Rfc1 Nf8 14. Bxf6
Bxf6 15. Nxd5 Qd6 16. Nxf6+ Qxf6 17. Rab1 a6 18. a4 Be6 19. Bc4 Bf5 20. Bd3 Be6
21. Nf4 Bd7 22. b5 cxb5 23. axb5 Rac8 24. Qb2 Rxc1+ 25. Rxc1 Ra8 26. b6 Rc8 27.
Rc7 Rxc7 28. bxc7 Qc6 29. Qc2 Qxc2 30. Bxc2 Ne6 31. Nxe6 fxe6 32. f4 b5 33. g4
g6 34. e4 Kf7 35. Bb3 Ke7 36. d5 exd5 37. Bxd5 Bc8 38. f5 a5 39. Be6 Bb7 40.
c8=Q Bxc8 41. Bxc8 Kf6 42. Bd7 b4 43. Ba4 g5 44. Kf2 Ke5 45. Ke3 Kd6 46. Kd4 h6
47. e5+ Ke7 48. Kd5 Kf7 49. e6+ Ke7 50. Ke5 Kf8 51. f6 b3 52. e7+ Kg8 53. e8=Q+
Kh7 54. Qf7+ Kh8 55. Qg7# 1-0

[Event "4. ODEM U25 2007"]
[Site "Willingen GER"]
[Date "2007.05.27"]
[Round "2"]
[White "Bergmeyer, Sebastian"]
[Black "Weißbeck, Simon"]
[Result "0-1"]
[Termination "normal"]
[Board "36"]
[WhiteElo "1246"]
[BlackElo "1805"]
[PlyCount "96"]
[WhiteFideId "24602078"]
[BlackFideId "24646865"]
[EventCountry "GER"]
[EventRounds "9"]
[EventType "swiss"]
[EventDate "2007.05.26"]

1. e4 e6 2. d4 d5 3. exd5 exd5 4. Bd3 Bd6 5. Nc3 Be6 6. Nge2 c6 7. Bf4 Nf6 8.
Qd2 Qc7 9. f3 Nbd7 10. O-O-O O-O-O 11. Rde1 Nh5 12. Bxd6 Qxd6 13. g4 Nhf6 14.
h4 Ne8 15. Nf4 Nc7 16. Re2 Nf8 17. h5 g5 18. Ng2 h6 19. Ree1 Kb8 20. Ne3 Qf4
21. Rhf1 Qxd4 22. Nf5 Bxf5 23. Bxf5 Qxd2+ 24. Kxd2 Nfe6 25. Nd1 Nd4 26. Re5 f6
27. Re7 Rde8 28. Rxe8+ Rxe8 29. Bd3 Kc8 30. Ne3 Kd7 31. c3 Nde6 32. Nf5 Rh8 33.
Re1 Ne8 34. b4 Nd6 35. a4 Nxf5 36. Bxf5 Re8 37. Kd3 Kd6 38. Bxe6 Rxe6 39. Rxe6+
Kxe6 40. Kd4 Kd6 41. a5 b6 42. axb6 axb6 43. c4 c5+ 44. bxc5+ bxc5+ 45. Kd3
dxc4+ 46. Kxc4 Ke5 47. Kd3 Kf4 48. Ke2 c4 0-1

[Event "4. ODEM U25 2007"]
[Site "Willingen GER"]
[Date "2007.05.27"]
[Round "2"]
[White "Holle, Cedric"]
[Black "Durmisi, Valon"]
[Result "0-1"]
[Termination "normal"]
[Board "37"]
[WhiteElo "1220"]
[BlackElo "1611"]
[PlyCount "34"]
[WhiteFideId "24692158"]
[EventCountry "GER"]
[EventRounds "9"]
[EventType "swiss"]
[EventDate "2007.05.26"]

1. e4 e5 2. Nf3 Nc6 3. Bc4 Nf6 4. Ng5 Bc5 5. Nxf7 Bxf2+ 6. Kf1 Qe7 7. Nxh8 d5
8. Bxd5 Bg4 9. Kxf2 Bxd1 10. Rxd1 Nxd5 11. exd5 Nd4 12. Nc3 O-O-O 13. d3 Rxh8
14. Kg1 Rf8 15. Ne4 Qf7 16. c3 Ne2+ 17. Kh1 Qf1+ 0-1

[Event "4. ODEM U25 2007"]
[Site "Willingen GER"]
[Date "2007.05.27"]
[Round "2"]
[White "Kabitzke, Julian"]
[Black "Groß, Jonathan"]
[Result "1-0"]
[Termination "normal"]
[Board "38"]
[WhiteElo "1611"]
[BlackElo "1194"]
[PlyCount "61"]
[WhiteFideId "24669547"]
[EventCountry "GER"]
[EventRounds "9"]
[EventType "swiss"]
[EventDate "2007.05.26"]

1. e4 e5 2. Nf3 Nc6 3. Bb5 d6 4. d4 Bd7 5. O-O exd4 6. Nxd4 Nxd4 7. Bxd7+ Qxd7
8. Qxd4 Nf6 9. Bg5 Be7 10. Re1 Qg4 11. Qe3 O-O 12. f3 Qd7 13. Nc3 Qc6 14. Rad1
Rad8 15. Qxa7 d5 16. Qa4 Bc5+ 17. Kh1 dxe4 18. Qxc6 bxc6 19. Bxf6 gxf6 20. Nxe4
Be7 21. Kg1 Rfe8 22. Kf1 Ra8 23. h3 Rxa2 24. Nxf6+ Bxf6 25. Rxe8+ Kg7 26. b3
Rxc2 27. Re2 Rc3 28. Rb1 Bh4 29. Re4 Bg3 30. Rg4+ Kf8 31. Rxg3 1-0

[Event "4. ODEM U25 2007"]
[Site "Willingen GER"]
[Date "2007.05.27"]
[Round "2"]
[White "Tiemann, Tobias"]
[Black "Steimbach, Isabel"]
[Result "1-0"]
[Termination "normal"]
[Board "39"]
[WhiteElo "1585"]
[BlackElo "1166"]
[PlyCount "87"]
[WhiteFideId "4642350"]
[BlackFideId "24692174"]
[EventCountry "GER"]
[EventRounds "9"]
[EventType "swiss"]
[EventDate "2007.05.26"]

1. e4 d5 2. exd5 Qxd5 3. Nc3 Qa5 4. d4 c6 5. Nf3 Nf6 6. Bc4 Bg4 7. O-O Nbd7 8.
h3 Bh5 9. Bd2 O-O-O 10. g4 Bg6 11. Nd5 Qa4 12. b3 Qa3 13. Bb4 Qb2 14. Rb1 Qxc2
15. Nxf6 exf6 16. Bxf8 Rhxf8 17. Qxc2 Bxc2 18. Rbc1 Be4 19. Nd2 Bg6 20. f4 h5
21. f5 Bh7 22. gxh5 g6 23. hxg6 fxg6 24. Ne4 gxf5 25. Nd6+ Kc7 26. Nxf5 Nb6 27.
Ng7 Bg8 28. Kh2 Nxc4 29. bxc4 Rxd4 30. Rce1 Bxc4 31. Rf2 Rf7 32. Ne8+ Kb6 33.
Rb1+ Kc5 34. Nxf6 a6 35. Rc1 Kb6 36. Rb2+ Ka5 37. Ng4 Rfd7 38. Rcc2 Be6 39. Ne5
Rh7 40. Rxb7 Rxh3+ 41. Kg2 Ka4 42. Rxc6 Rd2+ 43. Kg1 Rg3+ 44. Kf1 1-0

[Event "4. ODEM U25 2007"]
[Site "Willingen GER"]
[Date "2007.05.27"]
[Round "2"]
[White "Lange, Marcus"]
[Black "Neumair, Cedric"]
[Result "0-1"]
[Termination "normal"]
[Board "40"]
[WhiteElo "1181"]
[BlackElo "1581"]
[PlyCount "96"]
[BlackFideId "4698304"]
[EventCountry "GER"]
[EventRounds "9"]
[EventType "swiss"]
[EventDate "2007.05.26"]

1. c4 e6 2. Nc3 d5 3. cxd5 exd5 4. e3 Nf6 5. Nf3 c6 6. g3 Be7 7. Bg2 O-O 8. O-O
h6 9. d3 Be6 10. Nd4 Bg4 11. Bf3 Bxf3 12. Qxf3 Nbd7 13. e4 dxe4 14. dxe4 Ne5
15. Qd1 Qxd4 16. Qxd4 Nf3+ 17. Kg2 Nxd4 18. Rd1 c5 19. e5 Nd7 20. f4 Nb6 21.
Kf2 Rfd8 22. Be3 Nc2 23. Rab1 Nxe3 24. Kxe3 Nc4+ 25. Ke2 Rxd1 26. Rxd1 Rd8 27.
b3 Rxd1 28. Nxd1 Nb6 29. Kd3 Kf8 30. Ke4 Ke8 31. Ne3 Kd7 32. Nf5 Bf8 33. h4 c4
34. bxc4 Nxc4 35. Kd5 Nb6+ 36. Ke4 g6 37. Nd4 Bc5 38. Nb3 Bf2 39. Kf3 Be1 40.
Nc5+ Kc6 41. Ne4 Nc4 42. Nf6 b5 43. Ng4 h5 44. Nh6 a5 45. Nxf7 b4 46. e6 a4 47.
Ke4 Nd6+ 48. Ke5 Bc3# 0-1

[Event "4. ODEM U25 2007"]
[Site "Willingen GER"]
[Date "2007.05.27"]
[Round "2"]
[White "Wünsche, Sebastian"]
[Black "Valet, Alexander"]
[Result "1-0"]
[Termination "normal"]
[Board "41"]
[WhiteElo "1579"]
[BlackElo "1155"]
[PlyCount "43"]
[BlackFideId "24682560"]
[EventCountry "GER"]
[EventRounds "9"]
[EventType "swiss"]
[EventDate "2007.05.26"]

1. e4 e5 2. Nf3 Nc6 3. Bc4 Nf6 4. Ng5 d5 5. exd5 Nxd5 6. Nxf7 Kxf7 7. Qf3+ Ke6
8. Nc3 Nce7 9. d4 Qd6 10. O-O c6 11. Ne4 Qb4 12. Qg4+ Nf5 13. Bd3 g6 14. c3 Qe7
15. Ng5+ Kf6 16. c4 Nb4 17. dxe5+ Qxe5 18. Bf4 Qd4 19. Bxf5 Bxf5 20. Qh4 Kg7
21. Ne6+ Bxe6 22. Bh6+ 1-0

[Event "4. ODEM U25 2007"]
[Site "Willingen GER"]
[Date "2007.05.27"]
[Round "2"]
[White "Wolff, Cascal"]
[Black "Gläßer, Tim"]
[Result "0-1"]
[Termination "normal"]
[Board "42"]
[WhiteElo "1157"]
[BlackElo "1569"]
[PlyCount "58"]
[WhiteFideId "4642465"]
[BlackFideId "24667595"]
[EventCountry "GER"]
[EventRounds "9"]
[EventType "swiss"]
[EventDate "2007.05.26"]

1. f4 Nf6 2. Nf3 b6 3. e3 Bb7 4. b3 e6 5. Bb2 Nc6 6. Nc3 d5 7. Bd3 Bc5 8. Ne2
h6 9. O-O Rg8 10. Qe1 Be7 11. Qg3 g5 12. fxg5 hxg5 13. Qf2 Ng4 14. Qg3 f5 15.
Ne5 Bd6 16. Nxc6 Bxc6 17. Qh3 Bxh2+ 18. Kh1 Qe7 19. Qh5+ Kd7 20. Qh3 Raf8 21.
a4 Rf7 22. Nd4 Rh7 23. Nxc6 Kxc6 24. Bb5+ Kb7 25. Ba3 Qf7 26. Qf3 Bg3+ 27. Kg1
Qh5 28. Ba6+ Kb8 29. Qxd5 Qh2# 0-1

[Event "4. ODEM U25 2007"]
[Site "Willingen GER"]
[Date "2007.05.27"]
[Round "2"]
[White "Häcker, Katrin"]
[Black "Holle, Eric"]
[Result "0-1"]
[Termination "normal"]
[Board "43"]
[WhiteElo "1551"]
[BlackElo "1118"]
[PlyCount "120"]
[WhiteFideId "24667986"]
[BlackFideId "4624610"]
[EventCountry "GER"]
[EventRounds "9"]
[EventType "swiss"]
[EventDate "2007.05.26"]

1. e4 e5 2. Nf3 Nc6 3. Bb5 a6 4. Ba4 Bc5 5. O-O d6 6. h3 Nf6 7. Re1 O-O 8. c3
h6 9. d4 Bb6 10. Qd3 Bd7 11. Nbd2 exd4 12. cxd4 Nxd4 13. Nxd4 Bxa4 14. Nf5 Kh7
15. Qg3 Rg8 16. Nf3 g6 17. Nxh6 Nh5 18. Qg4 Bd7 19. Nf5 Kh8 20. Ng5 Qe8 21. Qh4
Bxf5 22. g4 Kg7 23. gxf5 Qe5 24. Nf3 Qg3+ 25. Qxg3 Nxg3 26. Kg2 Nh5 27. Bd2
Rae8 28. Re2 gxf5 29. e5 dxe5 30. Rxe5 Rxe5 31. Nxe5 Kf6+ 32. Kf3 Kxe5 33. Bc3+
Kd5 34. Re1 f6 35. Re7 Rg7 36. Bxf6 Rxe7 37. Bxe7 Ke5 38. Bb4 Bd4 39. b3 Nf4
40. h4 Nd3 41. Bd2 Nxf2 42. Bf4+ Kf6 43. Bxc7 Ng4 44. Bg3 Kg6 45. a4 Be5 46.
Be1 Kh5 47. b4 Bf6 48. Kf4 Nh6 49. b5 axb5 50. axb5 Bxh4 51. Bc3 Bg5+ 52. Kf3
f4 53. Bd4 Nf5 54. Bc5 Nh4+ 55. Ke2 Kg4 56. Kf2 f3 57. Bd4 Nf5 58. Bc5 Bh4+ 59.
Kf1 f2 60. Ke2 Ng3+ 0-1

[Event "4. ODEM U25 2007"]
[Site "Willingen GER"]
[Date "2007.05.27"]
[Round "2"]
[White "Nobis, Philipp"]
[Black "Rieping, Heiner"]
[Result "0-1"]
[Termination "normal"]
[Board "47"]
[WhiteElo "1103"]
[BlackElo "1679"]
[PlyCount "68"]
[WhiteFideId "24602183"]
[BlackFideId "24647012"]
[EventCountry "GER"]
[EventRounds "9"]
[EventType "swiss"]
[EventDate "2007.05.26"]

1. e4 d5 2. exd5 Qxd5 3. Nc3 Qa5 4. Bc4 Nf6 5. Nf3 Bg4 6. h3 Bh5 7. d3 Nc6 8.
Bd2 Qc5 9. O-O O-O-O 10. Re1 e6 11. Bf4 Nd4 12. Kh1 Bxf3 13. gxf3 Qf5 14. Bg3
Nxf3 15. Kg2 Nxe1+ 16. Qxe1 Bc5 17. Qe5 Qxe5 18. Bxe5 Bd4 19. f4 Bxe5 20. fxe5
Nd7 21. Nb5 a6 22. Nd4 Nxe5 23. Nf3 Nxc4 24. dxc4 Rd7 25. Ne5 Rd2+ 26. Kf3 f6
27. Ke3 Rxc2 28. Nf3 Rd8 29. Ne1 Rxc4 30. Nd3 Rh4 31. Rd1 Rxh3+ 32. Ke2 Rhxd3
33. Rxd3 Rxd3 34. Kxd3 h5 0-1

[Event "4. ODEM U25 2007"]
[Site "Willingen GER"]
[Date "2007.05.27"]
[Round "2"]
[White "Schulz, Ann-Kristin"]
[Black "Neumair, Dorian"]
[Result "1-0"]
[Termination "normal"]
[Board "48"]
[WhiteElo "1498"]
[BlackElo "981"]
[PlyCount "71"]
[EventCountry "GER"]
[EventRounds "9"]
[EventType "swiss"]
[EventDate "2007.05.26"]

1. d4 d5 2. c4 dxc4 3. Nf3 Nf6 4. Nc3 e6 5. Bg5 Nbd7 6. e3 h6 7. Bh4 Be7 8.
Bxc4 Nb6 9. Bb3 Bd7 10. O-O g5 11. Bg3 Bd6 12. Bxd6 cxd6 13. Rc1 Bc6 14. Qe2
Kd7 15. Rfd1 Qe7 16. Nb5 a6 17. Na3 Rag8 18. Ne5+ dxe5 19. dxe5+ Ke8 20. exf6
Qxf6 21. Nc4 Nd5 22. Nd6+ Ke7 23. Ne4 Qe5 24. Qc4 f5 25. Qc5+ Kf7 26. Nd6+ Kf6
27. Qd4 Qxd4 28. Rxd4 h5 29. Nxf5 Kxf5 30. e4+ Ke5 31. exd5 Bxd5 32. Rd3 Bc6
33. Re3+ Kf4 34. Bxe6 g4 35. Rc5 Bxg2 36. Rf5# 1-0

[Event "4. ODEM U25 2007"]
[Site "Willingen GER"]
[Date "2007.05.27"]
[Round "2"]
[White "Kilic, Ahmet"]
[Black "Schäfer, Simon"]
[Result "0-1"]
[Termination "normal"]
[Board "49"]
[WhiteElo "1012"]
[BlackElo "1478"]
[PlyCount "78"]
[EventCountry "GER"]
[EventRounds "9"]
[EventType "swiss"]
[EventDate "2007.05.26"]

1. e4 d5 2. c4 dxe4 3. Qe2 Nf6 4. Nc3 Bf5 5. f3 exf3 6. Qxf3 Bc8 7. Qf4 Nc6 8.
Nge2 Bg4 9. h3 Bh5 10. g4 Bg6 11. h4 Bd3 12. g5 Nh5 13. Qg4 g6 14. Nf4 Nxf4 15.
Qxf4 Nb4 16. Kd1 e6 17. Bxd3 Nxd3 18. Qf3 Bg7 19. Kc2 Nb4+ 20. Kd1 c6 21. Rf1
Rf8 22. d3 Qxd3+ 23. Qxd3 Nxd3 24. Bf4 Nxb2+ 25. Kc2 Nxc4 26. Ne4 Bxa1 27. Rxa1
O-O-O 28. Rb1 Na3+ 29. Kb2 Nxb1 30. Kxb1 Rd4 31. Bd6 Rxe4 32. Bxf8 Rxh4 33. Be7
e5 34. Kc2 Rd4 35. Kc3 Rd5 36. Bf6 e4 37. Bd4 Rxd4 38. Kxd4 Kd7 39. Kxe4 c5 {
Leider war der Rest nicht entzifferbar, da unvollständig notiert wurde. 0:1}
0-1

[Event "4. ODEM U25 2007"]
[Site "Willingen GER"]
[Date "2007.05.27"]
[Round "2"]
[White "Knies, Jonas"]
[Black "Helmich, Florian"]
[Result "1-0"]
[Termination "normal"]
[Board "50"]
[WhiteElo "1474"]
[BlackElo "953"]
[PlyCount "55"]
[WhiteFideId "4635167"]
[EventCountry "GER"]
[EventRounds "9"]
[EventType "swiss"]
[EventDate "2007.05.26"]

1. e4 e5 2. Bc4 Nc6 3. d3 Nf6 4. Nc3 Bb4 5. f4 d6 6. f5 g6 7. g4 b6 8. g5 Nd7
9. Qf3 Nd4 10. Qf2 Rf8 11. f6 Bb7 12. Bd2 h6 13. O-O-O c6 14. h4 Nc5 15. a3
Bxc3 16. Bxc3 d5 17. Ba2 Rh8 18. exd5 cxd5 19. Bxd4 exd4 20. Re1+ Ne6 21. Qxd4
hxg5 22. Nf3 Qd7 23. Nxg5 Kd8 24. Nxe6+ fxe6 25. f7 Qxf7 26. Qxh8+ Qe8 27.
Qxe8+ Kxe8 28. Rxe6+ 1-0

[Event "4. ODEM U25 2007"]
[Site "Willingen GER"]
[Date "2007.05.27"]
[Round "2"]
[White "Schreiber, Justina"]
[Black "Mertens, Fridolin"]
[Result "0-1"]
[Termination "normal"]
[Board "51"]
[WhiteElo "989"]
[BlackElo "1473"]
[PlyCount "70"]
[WhiteFideId "24661570"]
[BlackFideId "24671940"]
[EventCountry "GER"]
[EventRounds "9"]
[EventType "swiss"]
[EventDate "2007.05.26"]

1. e4 c5 2. Nf3 d6 3. d4 cxd4 4. Nxd4 Nf6 5. Nc3 a6 6. Be3 e5 7. Nf3 Be6 8. Ng5
b5 9. f3 Be7 10. Nxe6 fxe6 11. Bd3 Nbd7 12. Ne2 O-O 13. Qd2 d5 14. c3 Qa5 15.
a3 Rab8 16. b4 Qc7 17. O-O Rfd8 18. Rac1 Nb6 19. Qe1 Nc4 20. Bxc4 bxc4 21. exd5
exd5 22. Qg3 Qd6 23. f4 Ne4 24. Qf3 Rf8 25. fxe5 Rxf3 26. exd6 Rxe3 27. dxe7
Rxe2 28. Rce1 Rxe1 29. Rxe1 Re8 30. Rd1 Nxc3 31. Re1 Kf7 32. Rf1+ Kxe7 33. Re1+
Kd7 34. Rf1 d4 35. Rf4 Ne2+ 0-1

[Event "4. ODEM U25 2007"]
[Site "Willingen GER"]
[Date "2007.05.27"]
[Round "2"]
[White "Eggert, Andre"]
[Black "Biebinger, Eva"]
[Result "0-1"]
[Termination "normal"]
[Board "53"]
[WhiteElo "972"]
[BlackElo "1446"]
[PlyCount "142"]
[WhiteFideId "1270464"]
[EventCountry "GER"]
[EventRounds "9"]
[EventType "swiss"]
[EventDate "2007.05.26"]

1. e4 d5 2. exd5 Qxd5 3. Nc3 Qa5 4. d4 Nf6 5. Nf3 Bf5 6. Bg5 Nbd7 7. Bd3 Bg4 8.
O-O Bxf3 9. Qxf3 c6 10. Bf4 e6 11. Qg3 Rc8 12. Rfe1 Nh5 13. Qf3 Nxf4 14. Qxf4
Qc7 15. Qg4 Nf6 16. Qg5 h6 17. Qe3 Be7 18. Ne4 Nd5 19. Qf3 Qf4 20. Qxf4 Nxf4
21. Be2 O-O 22. h3 Rfd8 23. c3 c5 24. dxc5 Bxc5 25. Nxc5 Rxc5 26. Rad1 Rcd5 27.
Bf3 Rxd1 28. Rxd1 Rxd1+ 29. Bxd1 Nd3 30. b4 Nc1 31. Bb3 Kf8 32. Kf1 Ke7 33. Ke1
Nd3+ 34. Ke2 Nc1+ 35. Kd2 Nxb3+ 36. axb3 Kd6 37. Kd3 Kd5 38. c4+ Ke5 39. Ke3 g5
40. g3 h5 41. b5 f5 42. f4+ Kf6 43. h4 gxh4 44. gxh4 e5 45. b4 Ke6 46. Kf3 e4+
47. Ke3 Kd6 48. Kd4 b6 49. Ke3 Kc7 50. Kd4 Kb7 51. Ke3 a6 52. bxa6+ Kxa6 53.
Kd4 Kb7 54. Ke3 Kc6 55. Kd4 Kd6 56. c5+ bxc5+ 57. bxc5+ Kc6 58. Kc4 Kd7 59. Kd4
Kc7 60. Kc4 Kc6 61. Kd4 Kb5 62. c6 Kxc6 63. Kc4 Kb6 64. Kb4 Ka6 65. Kc4 Ka5 66.
Kb3 Kb5 67. Kc3 Kc5 68. Kd2 Kd4 69. Ke2 e3 70. Kd1 Kd3 71. Ke1 e2 0-1

[Event "4. ODEM U25 2007"]
[Site "Willingen GER"]
[Date "2007.05.27"]
[Round "2"]
[White "Weber, Yannik"]
[Black "Stövesand, Peter"]
[Result "0-1"]
[Termination "normal"]
[Board "55"]
[WhiteElo "800"]
[BlackElo "1431"]
[PlyCount "58"]
[WhiteFideId "24692700"]
[BlackFideId "1270624"]
[EventCountry "GER"]
[EventRounds "9"]
[EventType "swiss"]
[EventDate "2007.05.26"]

1. d4 d5 2. c4 c6 3. Nc3 Nf6 4. Bg5 h6 5. Bh4 Bf5 6. e3 e6 7. Nf3 Be7 8. Be2
Nbd7 9. O-O O-O 10. c5 b6 11. b4 Ne4 12. Bxe7 Qxe7 13. Nxe4 Bxe4 14. a3 Nf6 15.
h3 bxc5 16. bxc5 Rab8 17. Ne5 Rfc8 18. Qa4 Qc7 19. Ba6 Re8 20. Nxc6 Rb2 21. Nb4
Re7 22. Ra2 Rxa2 23. Nxa2 e5 24. Rb1 Bxb1 25. Nc3 Be4 26. f3 Bg6 27. g4 exd4
28. exd4 Qg3+ 29. Kf1 Re1# 0-1